Mejores jugadores de América 2000-2024 - Estadísticas

Estadísticas generales
  • Esta prueba ha sido intentada 47 veces
  • La puntuación promedio es 10 de 25
Estadísticas de respuestas
Año Jugador Nacionalidad Club % Correcto
2011 Neymar Bra Santos
88%
2012 Neymar Bra Santos
88%
2001 Juan Román Riquelme Arg Boca Juniors
70%
2013 Ronaldinho Bra Atletico Mineiro
65%
2008 Juan Sebastian Veron Arg Estudiantes de La Plata
53%
2009 Juan Sebastian Veron Arg Estudiantes de La Plata
53%
2021 Julian Alvarez Arg River Plate
51%
2003 Carlos Tevez Arg Boca Juniors
49%
2004 Carlos Tevez Arg Boca Juniors
49%
2005 Carlos Tevez Arg Corinthians
49%
2019 Gabriel Barbosa Bra Flamengo
49%
2023 German Cano Arg Fluminense
42%
2018 Gonzalo Martinez Arg River Plate
37%
2006 Matias Fernandez Chi Colo Colo
35%
2015 Carlos Sanchez Uru River Plate
28%
2016 Miguel Borja Col Cortuluá / Atlético Nacional
26%
2014 Teofilo Gutierrez Col River Plate
23%
2010 Andrés D'Alessandro Arg SC Internacional
21%
2000 Romario Bra Vasco da Gama
21%
2002 José Cardozo Par Toluca
19%
2007 Salvador Cabañas Par America
19%
2024 Luiz Henrique Bra Botafogo
14%
2017 Luan Bra Gremio
9%
2020 Marinho Bra Santos
7%
2022 Pedro Guilherme Bra Flamengo
2%
No se encontraron pruebas coincidentes
Distribución de puntuación
Porcentaje de gente con cada puntuación
Porcentaje por número respondido
Historial de tus puntuaciones
No has intentado esta prueba.